[Event "8th ch-Euro w"]
[Site "Dresden GER"]
[Date "2007.04.14"]
[Round "11"]
[White "Atalik,E"]
[Black "Khurtsidze,N"]
[Result "1/2-1/2"]
[WhiteElo "2374"]
[BlackElo "2469"]

1.Nf3 d5 2.d4 Nf6 3.c4 e6 4.Nc3 Be7 5.Bf4 O-O 6.e3 c5 7.dxc5 Bxc5 8.a3 Nc6
9.Qc2 dxc4 10.Bxc4 a6 11.Rd1 Bd7 12.O-O Be7 13.Ba2 Qa5 14.Nd2 b5 15.Nde4 Rfd8
16.Nxf6+ gxf6 17.Qe2 b4 18.Ne4 Ne5 19.Qh5 Bc6 20.Bb1 Rxd1 21.Rxd1 Rd8 22.Rxd8+ Bxd8
23.Qd1 bxa3 24.bxa3 Be7 25.h3 Kg7 26.Qc2 Qa4 27.Qxa4 Bxa4 28.Nc3 Bb3 29.a4 Bb4
30.Ba2 Bc2 31.Bb1 Bxb1 32.Nxb1 Nd3 33.Kf1 Nxf4 34.exf4 Kg6 35.Ke2 Kf5 36.Kf3 h5
37.g4+ hxg4+ 38.hxg4+ Kg6 39.Ke4 f5+ 40.gxf5+ exf5+ 41.Ke5 Be1 42.f3 Bb4
43.Kd5 Kf6 44.Kc4 Bd6 45.Nc3 Bxf4 46.Nd5+ Ke5 47.Nb4 Bd2 48.Nxa6 Ba5 49.Nb4 Kf4
50.Nc6 Bc7 51.Nd4 Ke3 52.Nxf5+  1/2-1/2

[Event "2nd Open"]
[Site "d'Angers FRA"]
[Date "2007.04.15"]
[Round "5"]
[White "Soufflet,J"]
[Black "Wlogalski,O"]
[Result "0-1"]
[WhiteElo "1750"]
[BlackElo "2016"]

1.d4 e6 2.Nf3 d5 3.Bf4 Nf6 4.c4 Be7 5.Nc3 dxc4 6.e3 Nd5 7.Nxd5 exd5 8.Qc2 O-O
9.e4 Bb4+ 10.Bd2 Bxd2+ 11.Nxd2 Nc6 12.exd5 Re8+ 13.Kd1 Nxd4 14.Qxc4 Qf6 15.f3 Bf5
16.Rc1 c6 17.dxc6 Nxc6 18.Qb3 Rad8 19.Qc3 Qd6 20.Bb5 Re7 21.Re1 Red7 22.Re2 Qxh2
23.g4 Qh1+ 24.Re1 Qxf3+ 25.Be2 Qxc3 26.Rxc3 Rxd2+ 27.Kc1 Bg6 28.Bf3 R2d3
29.Rxd3 Bxd3 30.a3 Bb5 31.Kc2 Kf8 32.Kc3 Rd3+  0-1

[Event "Chess Classic Open"]
[Site "Gausdal NOR"]
[Date "2007.04.18"]
[Round "1"]
[White "Bromberger,S"]
[Black "Royset,P"]
[Result "1-0"]
[WhiteElo "2495"]
[BlackElo "2238"]

1.d4 Nf6 2.c4 e6 3.Nf3 d5 4.Nc3 Be7 5.Bf4 O-O 6.e3 dxc4 7.Bxc4 a6 8.Qc2 Nbd7
9.Rd1 c5 10.dxc5 Bxc5 11.O-O Qe7 12.a3 Nh5 13.Bg5 Qe8 14.Ne4 Be7 15.Nd6 Qd8
16.Nxf7 Rxf7 17.Bxe6 Bxg5 18.Qc4 Qf6 19.Nxg5 Qxg5 20.Bxf7+ Kf8 21.Rd5 Qe7
22.Bxh5 Nf6 23.Rd8+  1-0

[Event "Chess Classic Open"]
[Site "Gausdal NOR"]
[Date "2007.04.18"]
[Round "1"]
[White "Carlsen,H"]
[Black "Dworakowska,J"]
[Result "0-1"]
[WhiteElo "2095"]
[BlackElo "2363"]

1.d4 Nf6 2.c4 e6 3.Nf3 d5 4.Nc3 Be7 5.Bf4 O-O 6.e3 c6 7.c5 b6 8.b4 a5 9.a3 Nbd7
10.Bd3 Nh5 11.Ne5 Nxf4 12.exf4 Qc7 13.cxb6 Qxb6 14.Na4 Qc7 15.Nc5 axb4 16.axb4 Rxa1
17.Qxa1 Nxc5 18.bxc5 f6 19.Qb1 fxe5 20.Bxh7+ Kh8 21.fxe5 Qa5+ 22.Kf1 Qd2  0-1

[Event "ch-Moscow"]
[Site "Moscow RUS"]
[Date "2007.04.22"]
[Round "5"]
[White "Korotylev,A"]
[Black "Rychagov,A"]
[Result "1/2-1/2"]
[WhiteElo "2620"]
[BlackElo "2571"]

1.d4 d5 2.c4 e6 3.Nc3 Nf6 4.Nf3 Be7 5.Bf4 O-O 6.e3 Nbd7 7.c5 c6 8.Bd3 b6
9.b4 a5 10.a3 Ba6 11.O-O Qc8 12.h3 Qb7 13.Qc2 Bxd3 14.Qxd3 axb4 15.axb4 Rxa1
16.Rxa1 Ra8 17.Qb1 Ra7 18.Nd2 Bd8 19.Rxa7 Qxa7 20.Qa2 Qb7 21.Nb3 bxc5 22.bxc5 Qb4
23.Qa8 Qxb3 24.Qxd8+ Nf8 25.Bd6 Nd7 26.Qa5 h5 27.Na2 Qb1+ 28.Kh2 Qa1 29.Qa4 h4
30.Qc2 Qf1 31.Nb4 Qb5 32.Nd3 Ng6 33.Nf4 Nxf4 34.Bxf4 Nf8 35.Bg5 Ng6 36.e4 Qb4
37.Be3 Qb8+ 38.Kg1 Qd8 39.Qa4 Qd7 40.e5 Qb7 41.Qa5 Qb1+ 42.Kh2 Qe4 43.Qd8+ Kh7
44.Qg5 Qc2 45.Qh5+ Kg8 46.Qg5 Kh7 47.Qh5+ Kg8 48.Qg5 Kh7 49.Qh5+  1/2-1/2

[Event "TCh-FRA Top 16"]
[Site "Gonfreville l'Orcher FRA"]
[Date "2007.04.28"]
[Round "4"]
[White "Wagner,Cl"]
[Black "Miralles,G"]
[Result "0-1"]
[WhiteElo "2365"]
[BlackElo "2486"]

1.Nf3 Nf6 2.c4 e6 3.Nc3 d5 4.d4 Be7 5.Bf4 O-O 6.e3 c5 7.dxc5 Bxc5 8.a3 Nc6
9.Qc2 Bd7 10.Rd1 Rc8 11.cxd5 exd5 12.Be2 Be6 13.O-O Qe7 14.Na4 Bd6 15.Bxd6 Qxd6
16.Nc3 Qc5 17.Qa4 Qb6 18.Rd2 Na5 19.Nd4 Rfd8 20.Rfd1 h6 21.f3 a6 22.Kf2 Qc7
23.g3 b5 24.Qc2 Qb6 25.g4 Re8 26.h3 Bd7 27.Bf1 Qd6 28.Re1 Nc4 29.Rde2 Qc5
30.Nb3 Qc7 31.Rc1 Qh2+ 32.Bg2 Rxe3 33.Rxe3 Qxg2+ 34.Kxg2 Nxe3+ 35.Kf2 Nxc2
36.Rxc2 g5 37.Rd2 Be6 38.Rd4 Kf8 39.Nd2 Ke7 40.a4 bxa4 41.Rxa4 Rc6 42.Ke3 Ne8
43.Kd4 Nc7 44.Rb4 Kd6 45.Rb8 Bd7 46.Kd3 Ne6 47.Ne2 Ke5 48.Nb3 Rc4 49.Nd2 Rc7
50.f4+ Nxf4+ 51.Nxf4 Kxf4 52.Rb6 Rc6 53.Rb3 f5 54.gxf5 Bxf5+ 55.Kd4 Be4 56.Rb8 Rc2
57.Nxe4 dxe4 58.Rf8+ Kg3 59.Kxe4 Re2+ 60.Kd5 Rxb2 61.Rf6 h5 62.Rxa6 Kxh3
63.Ra3+ Kh4 64.Ke4 Rf2  0-1

[Event "zt 3.5"]
[Site "Shandong CHN"]
[Date "2007.04.28"]
[Round "1"]
[White "Lou Yiping"]
[Black "Wu Wenjin"]
[Result "1/2-1/2"]
[WhiteElo "2268"]
[BlackElo "2498"]

1.d4 Nf6 2.c4 e6 3.Nc3 d5 4.Nf3 Be7 5.Bf4 O-O 6.e3 b6 7.Qc2 Bb7 8.Rd1 h6
9.a3 c6 10.Be2 Nbd7 11.h3 Rc8 12.O-O dxc4 13.Bxc4 Nd5 14.Bg3 Nxc3 15.Qxc3 Nf6
16.Qb3 b5 17.Ne5 a6 18.Bxe6 fxe6 19.Qxe6+ Kh7 20.Qf5+ Kg8 21.Qe6+ Kh7 22.Qf5+ Kg8
23.Qe6+  1/2-1/2

[Event "TCh-RUS w"]
[Site "Sochi RUS"]
[Date "2007.05.03"]
[Round "3"]
[White "Galliamova,A"]
[Black "Ubiennykh,E"]
[Result "1/2-1/2"]
[WhiteElo "2477"]
[BlackElo "2302"]

1.d4 d5 2.c4 e6 3.Nf3 Nf6 4.Nc3 Be7 5.Bf4 O-O 6.e3 c5 7.dxc5 Bxc5 8.a3 Nc6
9.Rc1 d4 10.exd4 Nxd4 11.b4 Nxf3+ 12.Qxf3 Be7 13.Nb5 e5 14.Be3 a5 15.c5 axb4
16.axb4 Ra4 17.Bc4 Rxb4 18.O-O Qd7 19.Qe2 Qg4 20.f3 Qh5 21.Nd6 Be6 22.Rb1 Bxc4
23.Nxc4 Rxb1 24.Rxb1 e4 25.Nd6 exf3 26.Qxf3 Qxf3 27.gxf3 Nd5 28.Nf5 Bf6 29.Bd4 Bxd4+
30.Nxd4 Rc8 31.Rxb7 Kf8 32.Nf5 g6 33.Rxf7+ Kg8 34.Rd7 Rxc5 35.Rxd5 Rc1+ 36.Kg2 gxf5
37.Rxf5 Kg7 38.h4 Kg6 39.Rg5+ Kf6 40.Kg3 Rc4 41.Rg4 Rc5 42.Ra4 Rc6 43.Ra8 Rb6
44.Kg4 Kg6 45.h5+ Kf6 46.Ra7 Rb4+ 47.f4 Rb1 48.Rxh7 Rg1+ 49.Kf3 Rf1+ 50.Kg3 Rg1+
51.Kf2 Rh1 52.Kg2 Rh4 53.Kg3 Rh1 54.Rh6+ Kf5 55.Rh8 Kf6 56.Rf8+ Ke7 57.Rf5 Ke6
58.Rb5 Kf6 59.Kg2 Rh4 60.Kf3 Rh1 61.Rc5 Rf1+ 62.Kg3 Rg1+ 63.Kf2 Rh1 64.Rd5 Rh4
65.Ke3 Rh1 66.Ke4 Re1+ 67.Kd4 Rf1 68.Ke3 Re1+ 69.Kf2 Rh1 70.Rc5 Rh4 71.Kf3 Rh1
72.h6 Kg6 73.Rc6+ Kf5 74.Rc5+ Kg6 75.Rc8 Rf1+ 76.Ke4 Re1+ 77.Kd5 Kxh6 78.Rg8 Ra1  1/2-1/2

[Event "TCh-RUS w"]
[Site "Sochi RUS"]
[Date "2007.05.04"]
[Round "4"]
[White "Shaidullina,S"]
[Black "Deriabina,S"]
[Result "1-0"]
[WhiteElo "2276"]
[BlackElo "2133"]

1.d4 d5 2.Nf3 Nf6 3.c4 e6 4.Nc3 Be7 5.Bf4 O-O 6.e3 Nbd7 7.h3 a6 8.c5 c6 9.b4 b6
10.Bd3 bxc5 11.bxc5 Nh5 12.Bh2 Qa5 13.Rc1 g6 14.g4 Ng7 15.Qa4 Qxa4 16.Nxa4 Bd8
17.Bd6 Re8 18.Ne5 Nxe5 19.dxe5 f6 20.Nb6 Bxb6 21.cxb6 fxe5 22.Rxc6 e4 23.Be2 e5
24.O-O Ne6 25.Rxc8 Raxc8 26.b7 Rc2 27.Bxa6 Nc5 28.b8=Q Rxb8 29.Bxb8 Nxa6
30.Bxe5 Rxa2 31.Rc1 Nb4 32.Rc7 Nd3 33.Bd4 Rxf2 34.Rg7+ Kf8 35.Rxh7 Rf3 36.Kh2 Ne1
37.Rd7 Rf2+ 38.Kg3 Rg2+ 39.Kf4 Rf2+ 40.Ke5 Nf3+ 41.Ke6 Nxd4+ 42.exd4 e3 43.Rd8+ Kg7
44.Re8 Ra2 45.Kxd5 e2 46.h4 Kf7 47.Re4 Kf6 48.Kc4 Rb2 49.Kd3 Rb3+ 50.Kxe2 Rh3
51.d5 Kf7 52.g5 Ra3 53.d6 Ra6 54.Rf4+ Ke8 55.Rf6 Ra4 56.Rxg6 Rxh4 57.Rf6 Rg4
58.g6 Kd7 59.Kf3 Rg1 60.Kf4 Rg2 61.Kf5 Rg1 62.Rf7+ Kxd6 63.Kf6 Rg2 64.Rf8 Rg3
65.Rd8+ Kc7 66.Rd4 Rf3+ 67.Kg5 Rf8 68.g7  1-0

[Event "TCh-RUS"]
[Site "Sochi RUS"]
[Date "2007.05.06"]
[Round "5"]
[White "Kazhgaleyev,M"]
[Black "Zvjaginsev,V"]
[Result "1/2-1/2"]
[WhiteElo "2603"]
[BlackElo "2659"]

1.d4 d5 2.c4 e6 3.Nc3 Be7 4.Nf3 Nf6 5.Bf4 O-O 6.e3 Nbd7 7.a3 c5 8.cxd5 Nxd5
9.Nxd5 exd5 10.dxc5 Nxc5 11.Be2 Bf5 12.Be5 Be4 13.O-O  1/2-1/2

[Event "2nd President's Cup"]
[Site "Baku AZE"]
[Date "2007.05.07"]
[Round "5"]
[White "Van Wely,L"]
[Black "Sanikidze,T"]
[Result "1/2-1/2"]
[WhiteElo "2674"]
[BlackElo "2426"]

1.d4 d5 2.c4 e6 3.Nf3 Nf6 4.Nc3 Be7 5.Bf4 c5 6.dxc5 Bxc5 7.e3 Nc6 8.a3 O-O
9.b4 Bb6 10.Rc1 h6 11.Be2 Nh5 12.cxd5 Nxf4 13.dxc6 Qxd1+ 14.Rxd1 Nxe2 15.cxb7 Bxb7
16.Kxe2 Rac8 17.Rc1 Rc7 18.Rhd1 Rfc8 19.Kd2 Bc6 20.Ne2 Ba4 21.Rxc7 Rd8+ 22.Nfd4 Bxc7
23.Rc1 Bxh2 24.g3 e5 25.Rh1 exd4 26.Nxd4 Bxg3 27.fxg3 a5 28.Rb1 axb4 29.axb4 Bc6
30.b5 Be4 31.Rb4 f5 32.Rc4 Kf7 33.Kc3 g5 34.Kb4 h5 35.b6 h4 36.gxh4 gxh4
37.Nc6 Rh8 38.b7 Bxc6 39.Rxc6 Rb8 40.Rc7+ Kg6 41.Kb5 f4 42.e4 Kf6 43.Kc6 Ke5
44.Re7+ Kf6 45.Rc7 Ke5 46.Rc8 Rxb7 47.Re8+ Kd4 48.Kxb7 h3 49.Rh8 Kxe4 50.Rxh3 f3
51.Rxf3 Kxf3  1/2-1/2

[Event "FSGM May"]
[Site "Budapest HUN"]
[Date "2007.05.15"]
[Round "13"]
[White "Kosic,D"]
[Black "Vajda,L"]
[Result "1/2-1/2"]
[WhiteElo "2507"]
[BlackElo "2549"]

1.d4 Nf6 2.Nf3 d5 3.c4 e6 4.Nc3 Be7 5.Bf4 O-O 6.e3 c5 7.cxd5 Nxd5 8.Nxd5 exd5
9.dxc5 Bxc5 10.a3 Nc6 11.Bd3 Bb6 12.O-O d4 13.e4 Bg4 14.h3 Bh5  1/2-1/2

[Event "Stuttgarter Stadtmeisterschaft"]
[Site "Gerlingen GER"]
[Date "2007.05.19"]
[Round "6"]
[White "Savchenko,S"]
[Black "Ovsejevitsch,S"]
[Result "1/2-1/2"]
[WhiteElo "2545"]
[BlackElo "2551"]

1.d4 Nf6 2.c4 e6 3.Nf3 d5 4.Nc3 Be7 5.Bf4 O-O 6.e3 b6 7.cxd5 Nxd5 8.Nxd5 exd5
9.Bd3 c5 10.O-O c4 11.Be2 Nc6 12.b3 b5 13.bxc4  1/2-1/2

[Event "42nd Capablanca Mem Abierto"]
[Site "Havana CUB"]
[Date "2007.05.20"]
[Round "3"]
[White "Vera Gonzalez Quevedo,R"]
[Black "Diaz Diaz,J CUB"]
[Result "1/2-1/2"]
[WhiteElo "2481"]
[BlackElo "2323"]

1.d4 d5 2.c4 e6 3.Nc3 Be7 4.Nf3 Nf6 5.Bf4 O-O 6.e3 Nbd7 7.c5 c6 8.h3 b6 9.b4 a5
10.a3 Ba6 11.Bxa6 Rxa6 12.b5 cxb5 13.c6 Qc8 14.c7 b4 15.Nb5 a4 16.O-O b3
17.Rc1 Ne4 18.Nd2 Ndf6 19.Nxb3 axb3 20.f3 Ra5 21.a4 Rxb5 22.axb5 Nd6 23.Qxb3 Nc4
24.e4 Ne8 25.Rxc4 dxc4 26.Qxc4 Bd6 27.Bxd6 Nxd6 28.Qc6 Nxb5 29.Qxb5 Qxc7
30.Rb1 Rb8 31.d5 exd5 32.exd5 h6 33.Qc6 Qxc6 34.dxc6 Kf8 35.c7  1/2-1/2

[Event "50th TCh-SRB Cup"]
[Site "Mataruska Banja SRB"]
[Date "2007.05.21"]
[Round "1"]
[White "Sedlak,N"]
[Black "Stevanovic,Vl"]
[Result "1-0"]
[WhiteElo "2575"]
[BlackElo "2335"]

1.d4 d5 2.c4 e6 3.Nc3 Nf6 4.Nf3 Be7 5.Bf4 O-O 6.e3 Ne4 7.Qc2 Nxc3 8.bxc3 c5
9.Bd3 dxc4 10.Bxh7+ Kh8 11.h4 cxd4 12.exd4 Nc6 13.h5 f5 14.Bg6 Bd6 15.Bg5 Qa5
16.h6 e5 17.Qd2 Nxd4 18.Be7 f4 19.Bxd6 Rf6 20.Nxe5 Nb3 21.hxg7+ Kxg7 22.Rh7+ Kg8
23.Bc7 Nxd2 24.Bxa5 Rxg6 25.Rh5 Rxg2 26.Kxd2 Rxf2+ 27.Ke1 Rc2 28.Bd8 Bg4
29.Rg5+ Kh7 30.Bf6 Rg8 31.Rxg8 Kxg8 32.Nxg4 Rg2 33.Bd4 Rxg4 34.Bxa7 Rh4 35.Kf2 Rh2+
36.Kg1 Rc2 37.Bd4 Kf7 38.Rb1 Rxa2 39.Rxb7+ Ke6 40.Rb5 Rc2 41.Re5+ Kd6 42.Rf5 Kc6
43.Rxf4 Kb5 44.Rf6  1-0

[Event "50th TCh-SRB Cup"]
[Site "Mataruska Banja SRB"]
[Date "2007.05.22"]
[Round "2"]
[White "Maksimenko,A"]
[Black "Miladinovic,I"]
[Result "1/2-1/2"]
[WhiteElo "2514"]
[BlackElo "2607"]

1.d4 d5 2.c4 e6 3.Nc3 Nf6 4.Nf3 Be7 5.Bf4 a6 6.c5 Nc6 7.e3 O-O 8.Bd3 b6 9.cxb6 cxb6
10.Rc1 Bb7 11.Ne5  1/2-1/2

[Event "50th TCh-SRB Cup"]
[Site "Mataruska Banja SRB"]
[Date "2007.05.25"]
[Round "5"]
[White "Benkovic,P"]
[Black "Lajthajm,B"]
[Result "1/2-1/2"]
[WhiteElo "2433"]
[BlackElo "2514"]

1.d4 e6 2.c4 Nf6 3.Nf3 d5 4.Nc3 Be7 5.Bf4 O-O 6.e3 a6 7.cxd5 Nxd5 8.Nxd5 exd5
9.Bd3 g6 10.Qc2 c5 11.dxc5 Qa5+ 12.Ke2 Qxc5 13.Qxc5 Bxc5 14.Rhc1 Bb6 15.Bd6 Re8
16.Bc5 Bd8 17.h3 Nc6 18.Rab1 Bd7 19.b4 b6 20.Bd4 Nxd4+ 21.Nxd4 a5 22.Rc2 Ba4
23.Rcc1 Bf6 24.Kd2 axb4 25.Rxb4 Reb8 26.Rcb1 Bd7 27.R1b2 Be7 28.Rxb6 Rxb6
29.Rxb6 Rxa2+ 30.Nc2 Bc5 31.Rb7 Be6 32.Rb5 Be7 33.Ke1  1/2-1/2

[Event "50th TCh-SRB Cup"]
[Site "Mataruska Banja SRB"]
[Date "2007.05.25"]
[Round "5"]
[White "Jakovljevic,Zi"]
[Black "Adzic,M"]
[Result "0-1"]
[WhiteElo "2151"]
[BlackElo "2253"]

1.d4 d5 2.c4 e6 3.Nc3 Nf6 4.Nf3 Be7 5.Bf4 O-O 6.e3 c6 7.Bd3 dxc4 8.Bxc4 b5
9.Bd3 a6 10.O-O Nbd7 11.Ne5 Bb7 12.Ne4 c5 13.Nxd7 Qxd7 14.Nxf6+ Bxf6 15.dxc5 Qd5
16.e4 Qxc5 17.Qe2 Rfd8 18.Rfd1 Qb4 19.Rab1 Rac8 20.f3 Bd4+ 21.Be3 e5 22.Bxd4 Rxd4
23.Rbc1 Rcd8 24.Kf1 Bc8 25.b3 Be6 26.Qc2 h6 27.Ke2 Qa3 28.Qb1 Qe7 29.g3 Qg5
30.Qc2 Qh5 31.Ke3 Rc8 32.Qf2 Rxc1 33.Rxc1 Qg5+ 34.f4 Qd8 35.Qc2 exf4+ 36.gxf4 Rd6
37.e5 Rd7 38.Be4 Qh4 39.Qg2 f5 40.Bf3 Rd4 41.Qg3 Qd8 42.Qg6 Rd3+ 43.Kf2 Rxf3+
44.Kxf3 Qd3+ 45.Kf2 Qd2+ 46.Kg3 Qe3+ 47.Kh4 Qxf4+ 48.Kh3 Qxe5 49.Rf1 Qe3+
50.Kh4 Bf7 51.Qg3 g5+ 52.Kh3 g4+  0-1

[Event "Enci Limburg Open"]
[Site "Maastricht NED"]
[Date "2007.05.27"]
[Round "4"]
[White "Clemens,A"]
[Black "Wlogalski,O"]
[Result "1-0"]
[WhiteElo "2327"]
[BlackElo "2016"]

1.d4 e6 2.c4 d5 3.Nf3 Nf6 4.Nc3 Be7 5.Bf4 dxc4 6.e3 Nd5 7.Bxc4 Nxf4 8.exf4 Nd7
9.O-O O-O 10.Qd2 Nf6 11.Ne5 c6 12.Rad1 Qa5 13.Nd5 Qd8 14.Nxe7+ Qxe7 15.Rfe1 Qd6
16.g3 b6 17.Bf1 Bb7 18.Bg2 Rfd8 19.Qc2 Rac8 20.Qa4 a5 21.a3 Rc7 22.Nc4 b5
23.Nxd6 bxa4 24.Nc4 Ba6 25.Nxa5 Bb5 26.Rc1 Nd5 27.f5 Ra8 28.fxe6 fxe6 29.Nc4 Bxc4
30.Rxc4 Kf7 31.Bh3 Re8 32.Rxa4 Nb6 33.Ra6 Nc4 34.b4 Nd2 35.Kg2 Nb3 36.Re4 Nd2
37.Re3 Kf6 38.d5  1-0

[Event "Doroshkevich Mem"]
[Site "Belorechensk RUS"]
[Date "2007.06.01"]
[Round "4"]
[White "Olshansky,Al"]
[Black "Piven,V"]
[Result "0-1"]
[WhiteElo "2245"]
[BlackElo "2138"]

1.d4 Nf6 2.Nf3 d5 3.c4 e6 4.Nc3 Be7 5.Bf4 c6 6.e3 Nbd7 7.c5 Ne4 8.Nxe4 dxe4
9.Nd2 f5 10.Bc4 Nf6 11.Qb3 Nd5 12.Be5 Bf6 13.Bd6 Be7 14.Bg3 O-O 15.O-O-O b6
16.f3 bxc5 17.fxe4 fxe4 18.Nxe4 cxd4 19.exd4 a5 20.Rhe1 a4 21.Qd3 a3 22.b3 Qb6
23.Kb1 Ba6 24.Rc1 Bxc4 25.Qxc4 Bb4 26.Re2 Rac8 27.Nc5 Bxc5 28.dxc5 Qa5 29.Be5 Rf7
30.Qg4 Re8 31.h4 Qb5 32.Qc4 Qa5 33.h5 h6 34.Qg4 Qb5 35.Rc4 Ree7 36.Kc2 Rf2
37.Qe4 Nb4+ 38.Kb1 Rf1+ 39.Re1 Ref7 40.Bc3 Nd5 41.Bd2 R1f2 42.Re2 Rf1+ 43.Kc2 Ra1
44.Qxe6 Rxa2+ 45.Kd3 Qxb3+ 46.Kd4 Qb2+ 47.Ke4 Qb1+  0-1

[Event "TCh-FRA Top 16"]
[Site "Clichy FRA"]
[Date "2007.06.01"]
[Round "9"]
[White "Pelletier,Y"]
[Black "Miralles,G"]
[Result "1/2-1/2"]
[WhiteElo "2602"]
[BlackElo "2486"]

1.d4 d5 2.c4 e6 3.Nc3 Be7 4.Nf3 Nf6 5.Bf4 O-O 6.e3 c5 7.dxc5 Bxc5 8.a3 Nc6
9.Qc2 Bd7 10.Rd1 Rc8 11.cxd5 exd5 12.Be2 Be6 13.O-O Qa5 14.Nb5 Be7 15.Qb1 Ne4
16.Rfe1 Rfd8 17.Bd3 Bf5 18.Nbd4 Bg6 19.Nxc6 bxc6 20.Ne5 Bf6 21.Nxg6 hxg6
22.Re2 g5 23.Bxe4 dxe4 24.Bd6 c5 25.Red2 Qa4 26.h3 Rd7 27.b3 Qc6 28.Qc2  1/2-1/2

[Event "TCh-FRA Top 16"]
[Site "Clichy FRA"]
[Date "2007.06.03"]
[Round "11"]
[White "Gozzoli,Y"]
[Black "Legky,N"]
[Result "1/2-1/2"]
[WhiteElo "2453"]
[BlackElo "2465"]

1.d4 d5 2.Nf3 Nf6 3.c4 e6 4.Nc3 Be7 5.Bf4 O-O 6.e3 b6 7.cxd5 Nxd5 8.Nxd5 exd5
9.Bd3 c5 10.O-O Nd7 11.Qa4 Bb7 12.Rad1 Nf6 13.Ne5 Qc8 14.Bg5 Rd8 15.Qc2 h6
16.Bh4 cxd4 17.exd4 Qxc2 18.Bxc2 Kf8 19.Rfe1 g5 20.Bg3 Ne4 21.f3 Nxg3 22.hxg3 Bd6
23.Kf2 Kg7 24.Ng4 Bc8 25.Ne3 Be6 26.Nf5+ Bxf5 27.Bxf5 h5 28.Re2 Re8 29.Rde1 Rh8
30.Rc1 h4 31.gxh4 Rxh4 32.Rd1 Rah8 33.Bd7 Rd8 34.Bf5 Kf6 35.Bg4 Rdh8  1/2-1/2

[Event "TCh-FRA Top 16"]
[Site "Clichy FRA"]
[Date "2007.06.03"]
[Round "11"]
[White "Genov,Peta"]
[Black "Giffard,N"]
[Result "0-1"]
[WhiteElo "2474"]
[BlackElo "2379"]

1.d4 Nf6 2.c4 e6 3.Nf3 d5 4.Nc3 Be7 5.Bf4 O-O 6.e3 c6 7.Qc2 b6 8.O-O-O Na6
9.Qa4 dxc4 10.Qxc6 Bd7 11.Qxc4 b5 12.Qb3 b4 13.Bxa6 bxc3 14.Ne5 cxb2+ 15.Kb1 Rb8
16.Qd3 Ba4 17.Nc4 Rb4 18.Rd2 Bc6 19.f3 Ra4 20.Ne5 Bd5 21.Bc4 Bxc4 22.Nxc4 Nd5
23.Bg3 Rxa2 24.Rxb2 Rxb2+ 25.Nxb2 Qa5 26.Rc1 Bb4 27.Rc4 Bc3 28.e4 Bxb2 29.Kxb2 Nb6
30.Rc6 Na4+ 31.Kc2 Nb6 32.Qb3 h6 33.Kd3 Qa1 34.Qc2 Rd8 35.Bf2 Qf1+ 36.Ke3 Qxg2
37.Rc7 Qxh2 38.Rxa7 Rc8 39.Qb3 Qb8 40.Qa2 Rc3+ 41.Kd2 Rxf3 42.Ke1 Qf4 43.Qc2 Rh3
44.Rb7 Qf3 45.Rxb6 Rh1+ 46.Kd2 Qxf2+ 47.Kc3 Rh3+  0-1

[Event "TCh-BIH"]
[Site "Vogosca BIH"]
[Date "2007.06.03"]
[Round "2"]
[White "Atalik,S"]
[Black "Lekic,D"]
[Result "1-0"]
[WhiteElo "2584"]
[BlackElo "2340"]

1.d4 Nf6 2.c4 e6 3.Nf3 d5 4.Nc3 Be7 5.Bf4 O-O 6.Qc2 c5 7.dxc5 Nc6 8.e3 Bxc5
9.a3 Qa5 10.Rd1 Be7 11.Be2 Ne4 12.cxd5 Nxc3 13.Qxc3 Qxc3+ 14.bxc3 exd5 15.Rxd5 Bxa3
16.Nd4 Nxd4 17.exd4 b6 18.Kd2 Be6 19.Rb5 Bd7 20.Rb3 Be7 21.Bf3 Rae8 22.Ra1 g5
23.Bg3 f5 24.Bd5+ Kh8 25.Rxa7 Rd8 26.Rxb6 f4 27.Rbb7 fxg3 28.fxg3  1-0

[Event "8th UKR Universiad"]
[Site "Evpatoria UKR"]
[Date "2007.06.07"]
[Round "1"]
[White "Ushenina,A"]
[Black "Antonova,Ev"]
[Result "1-0"]
[WhiteElo "2475"]
[BlackElo "2129"]

1.d4 d5 2.c4 e6 3.Nc3 Nf6 4.Nf3 Be7 5.Bf4 O-O 6.e3 b6 7.Bd3 Bb7 8.cxd5 Nxd5
9.Nxd5 Bxd5 10.Qc2 h6 11.Qxc7 Bb4+ 12.Ke2 Nd7 13.Qxd8 Rfxd8 14.Rhc1 Nf6 15.Bc7 Rf8
16.a3 Be7 17.h3 Ne8 18.e4 Bb7 19.Ke3 Rc8 20.Bf4 Nd6 21.Bxd6 Bxd6 22.e5 Be7
23.Be4 Ba6 24.b4 f5 25.Bc6 Rcd8 26.b5 Bc8 27.a4 Bd7 28.a5 Be8 29.Bxe8 Rfxe8
30.axb6 axb6 31.Rc6 Rb8 32.Kd3 Bb4 33.Ra7 Bf8 34.Ra6 Bb4 35.Raxb6 Rxb6 36.Rxb6 Kf7
37.Kc4 Be7 38.Rc6 Rb8 39.b6 Bd8 40.Kb5 Ke7 41.Nd2 Rb7 42.Ka6 Rd7 43.b7 Bc7
44.Rxc7  1-0

[Event "National Open"]
[Site "Las Vegas USA"]
[Date "2007.06.10"]
[Round "5"]
[White "Gagunashvili,M"]
[Black "Mack,A"]
[Result "1-0"]
[WhiteElo "2625"]
[BlackElo "2213"]

1.d4 d5 2.c4 e6 3.Nc3 Nf6 4.Nf3 Be7 5.Bf4 O-O 6.e3 c5 7.dxc5 Bxc5 8.cxd5 exd5
9.Be2 Nc6 10.O-O a6 11.Qc2 Be6 12.Rfd1 Bb6 13.Rac1 Qe7 14.Bg5 h6 15.Bxf6 Qxf6
16.Qb3 d4 17.Qxb6 dxc3 18.Rxc3 Qe7 19.a3 Rfd8 20.Rcc1 Bd5 21.h3 Rd6 22.Qc5 Rad8
23.b4 Qf6 24.Qc2 Qe7 25.Qc3 Qe4 26.Rd2 Qg6 27.Rcd1 Bxf3 28.Bxf3 Rxd2 29.Rxd2 Qb1+
30.Kh2 Rxd2 31.Qxd2 Qa1 32.Bxc6 bxc6 33.Qd8+ Kh7 34.Qd3+ g6 35.Qxa6 Qe5+
36.g3 Qf5 37.Qe2 Qe4 38.Qb2 h5 39.h4 Qf5 40.a4 g5 41.hxg5 Qxg5 42.Qc2+  1-0

[Event "2nd Maia Chiburdanidze Cup"]
[Site "Tbilisi GEO"]
[Date "2007.06.10"]
[Round "5"]
[White "Benidze,D"]
[Black "Chigladze,I"]
[Result "0-1"]
[WhiteElo "2300"]
[BlackElo "2346"]

1.d4 d5 2.c4 e6 3.Nc3 Be7 4.Nf3 Nf6 5.Bf4 c5 6.dxc5 Bxc5 7.e3 Nc6 8.a3 O-O
9.Rc1 Bb6 10.b4 a6 11.h3 h6 12.cxd5 Nxd5 13.Nxd5 exd5 14.Bd3 Qf6 15.Qd2 Bf5
16.Bxf5 Qxf5 17.O-O Rad8 18.Qc2 Qxc2 19.Rxc2 Rfe8 20.Rb2 g5 21.Bg3 Ne7 22.Be5 Nc6
23.Bg3 Ne7 24.Rd1 f6 25.Rbd2 Nf5 26.Bh2 Nxe3 27.fxe3 Bxe3+ 28.Kf1 Bxd2 29.Rxd2 Re3
30.Nd4 Rxa3 31.Nf5 Rb3 32.Bd6 Kf7 33.Bc5 Rd7 34.h4 gxh4 35.Nxh4 d4 36.Nf5 d3
37.Nd6+ Ke6 38.Nc4 Rc3 39.Ne3 f5 40.Ke1 f4 41.Nd1 Rc1 42.Rf2 Ke5 43.Ba7 Rd8
44.Bb6 Rdc8 45.Bc5 Ke4 46.Rf3 Rc6 47.Rh3 b6  0-1

[Event "FSGM June"]
[Site "Budapest HUN"]
[Date "2007.06.11"]
[Round "10"]
[White "Kosic,D"]
[Black "Vajda,L"]
[Result "1/2-1/2"]
[WhiteElo "2507"]
[BlackElo "2549"]

1.d4 d5 2.c4 e6 3.Nc3 Nf6 4.Nf3 Be7 5.Bf4 O-O 6.e3 c6 7.Qc2 Nbd7 8.Bd3 dxc4
9.Bxc4 c5 10.dxc5 Bxc5  1/2-1/2

[Event "Aerosvit"]
[Site "Foros UKR"]
[Date "2007.06.19"]
[Round "2"]
[White "Van Wely,L"]
[Black "Onischuk,Al"]
[Result "0-1"]
[WhiteElo "2674"]
[BlackElo "2663"]

1.d4 Nf6 2.c4 e6 3.Nf3 d5 4.Nc3 Be7 5.Bf4 O-O 6.e3 Nbd7 7.Rc1 c5 8.a3 cxd4
9.exd4 dxc4 10.Bxc4 Nb6 11.Bd3 Nbd5 12.Nxd5 Nxd5 13.Be5 Qa5+ 14.Nd2 Bg5 15.h4 Bh6
16.Rc5 Qd8 17.Nf3 f6 18.Bg3 b6 19.Rc2 Bb7 20.Qe2 Re8 21.O-O Nf4 22.Bxf4 Bxf4
23.Be4 Qd7 24.Re1 Rad8 25.Qd3 Bxe4 26.Qxe4 Bb8 27.Rce2 Re7 28.h5 Qd5 29.Qg4 Rde8
30.Nd2 f5 31.Qh4 e5 32.Qg5 Qf7 33.g4 fxg4 34.dxe5 h6 35.Qxg4 Rxe5 36.Rxe5 Bxe5
37.Nc4 Rf8 38.Re2 Bf4 39.Qe6 Qxe6 40.Rxe6 Rc8 41.Nd6 Bxd6 42.Rxd6 Rc5 43.b4 Rxh5
44.Rd7 a5 45.bxa5 bxa5 46.Ra7 Kh7 47.Ra6 Rf5 48.Kg2 h5 49.Kg3 g6 50.f3 Kh6
51.a4 Rc5 52.Ra8 Kg5 53.Rb8 h4+ 54.Kf2 Rc2+ 55.Ke3 h3 56.Rh8 h2 57.Rh7 Ra2
58.Rh8 Ra3+ 59.Kf2 Rxa4 60.Kg3 Ra2 61.Rh7 a4 62.Rh8 Rb2 63.Rf8 a3  0-1

[Event "III Perla Baltyku A"]
[Site "Mielno POL"]
[Date "2007.06.21"]
[Round "5"]
[White "Shishkin,Va UKR"]
[Black "Birjukov,S"]
[Result "1-0"]
[WhiteElo "2515"]
[BlackElo "2273"]

1.d4 Nf6 2.c4 e6 3.Nc3 d5 4.Nf3 Be7 5.Bf4 O-O 6.e3 c5 7.dxc5 Bxc5 8.Qc2 Nc6
9.Rd1 Qa5 10.Be2 dxc4 11.Bxc4 Be7 12.O-O a6 13.e4 b5 14.Bb3 Bb7 15.e5 Nb4
16.Qe2 Nfd5 17.Bd2 Nxc3 18.Bxc3 Qc7 19.Rd4 Bxf3 20.Qxf3 Nc6 21.Re4 Rac8 22.Qe3 Rfd8
23.h4 b4 24.Bd2 a5 25.Rc1 Qd7 26.Be1 Qa7 27.Qf4 a4 28.Bd1 Bc5 29.Rec4 Na5
30.Re4 Nc6 31.Bxa4 Bxf2+ 32.Qxf2 Qxa4 33.Rec4 Ne7 34.Rxc8 Nxc8 35.Rc7 Rf8
36.Qc5 Qd1 37.Kf2 Qd8 38.Ke2 Re8 39.Bxb4 Qxh4 40.Rxc8  1-0

[Event "TCh-ESP Honor Gp1"]
[Site "Lugo ESP"]
[Date "2007.06.22"]
[Round "3"]
[White "Kasimdzhanov,R"]
[Black "Ponomariov,R"]
[Result "1/2-1/2"]
[WhiteElo "2677"]
[BlackElo "2717"]

1.d4 Nf6 2.c4 e6 3.Nf3 d5 4.Nc3 Be7 5.Bf4 O-O 6.e3 Nbd7 7.a3 c5 8.cxd5 Nxd5
9.Nxd5 exd5 10.dxc5 Nxc5 11.Be5 Bf6 12.Be2 Bxe5 13.Nxe5 Ne6 14.Nf3 Qb6 15.Qd2 Rd8
16.Rd1 d4 17.exd4 Bd7 18.d5 Ba4 19.Rc1 Bb5 20.O-O  1/2-1/2

[Event "CIQ"]
[Site "Quebec CAN"]
[Date "2007.06.22"]
[Round "2"]
[White "Voloaca,M"]
[Black "Ye,L"]
[Result "1/2-1/2"]
[WhiteElo "2228"]
[BlackElo "2141"]

1.d4 d5 2.c4 e6 3.Nc3 Be7 4.Nf3 Nf6 5.Bf4 c6 6.e3 O-O 7.a3 a5 8.c5 Nbd7 9.h3 b6
10.b4 Ba6 11.Bxa6 Rxa6 12.b5 cxb5 13.c6 Ne4 14.c7 Qc8 15.Nxb5 Ndf6 16.Ne5 Qe8
17.Rc1 Ra8 18.Nc6 Qd7 19.f3 Bc5 20.Nba7 Bxa3 21.fxe4 Nxe4 22.Nb8 Qe7 23.O-O Bxc1
24.Qxc1 Rxa7 25.c8=Q Rxc8 26.Qxc8+ Qf8 27.Rc1 g5 28.Be5 f6 29.Qxe6+ Qf7 30.Qc8+ Qf8
31.Qf5 Qa3 32.Qc8+ Qf8 33.Qc6 fxe5 34.Qxd5+ Rf7 35.Nd7 Qd8 36.Qxe4 Qxd7 37.Qxe5 h6
38.Qb8+ Kg7 39.Qxb6 Qf5 40.Qb2 Kh7 41.Qc2 Qxc2 42.Rxc2 Kg6 43.Rc6+ Rf6 44.Rc5 Ra6
45.g4 a4 46.Rc2 a3 47.Ra2 Kf6 48.Kf2 Ke6 49.e4 Ra4 50.Ke3 Kd6 51.Kd3 Ke6
52.Kc3 Kd6 53.Ra1 a2 54.Kb3 Rxd4 55.Rxa2 Rxe4 56.Ra6+ Ke5 57.Rxh6 Rd4 58.Kc3 Rd8
59.Kc4 Kf4 60.Kc5 Rd3  1/2-1/2